Playboy's guide to rating the video games

Gorde:
Xehetasun bibliografikoak
Egile nagusia: Lowe, Walter
Formatua: Liburua
Hizkuntza:Undetermined
Argitaratua: New York Playboy Paperbacks Inc 1982
Gaiak:
Etiketak: Etiketa erantsi
Etiketarik gabe, Izan zaitez lehena erregistro honi etiketa jartzen!
Thư viện lưu trữ: Trung tâm Học liệu Trường Đại học Cần Thơ
LEADER 00487nam a2200181Ia 4500
001 CTU_84043
008 210402s9999 xx 000 0 und d
082 |a 794.8 
082 |b L913 
100 |a Lowe, Walter 
245 0 |a Playboy's guide to rating the video games 
245 0 |c Walter Lowe 
260 |a New York 
260 |b Playboy Paperbacks Inc 
260 |c 1982 
650 |a Video games 
904 |i QHieu(sửa) 
980 |a Trung tâm Học liệu Trường Đại học Cần Thơ